01601nam a2200373 a 4500001001100000003000800011006001900019007001500038008004100053010001700094020002800111040002100139035002000160050002400180082002200204245013400226260004700360300001700407490007300424504006600497533015200563650006200715650003800777650003400815651004300849651004100892655002900933700002300962700002300985710001701008830006201025856012501087999001501212ebr5007296CaPaEBRm u cr cn|||||||||950627s1996 ctu sb 001 0 eng  z 95033071  z0313288542 (alk. paper) aCaPaEBRcCaPaEBR a(OCoLC)5569044314aPR9080b.E55 1996eb04a820.9/917124122000aEnglish postcolonialityh[electronic resource] :bliteratures from around the world /cedited by Radhika Mohanram and Gita Rajan. aWestport, Conn. :bGreenwood Press,c1996. aviii, 216 p.1 aContributions to the study of world literature,x0738-9345 ;vno. 66 aIncludes bibliographical references (p. [203]-206) and index. aElectronic reproduction.bPalo Alto, Calif. :cebrary,d2013.nAvailable via World Wide Web.nAccess may be limited to ebrary affiliated libraries. 0aCommonwealth literature (English)xHistory and criticism. 0aIndigenous peoples in literature. 0aDecolonization in literature. 0aCommonwealth countriesxIn literature. 0aDeveloping countriesxIn literature. 7aElectronic books.2local1 aMohanram, Radhika.0 aGita Rajan,d1952-2 aebrary, Inc. 0aContributions to the study of world literature ;vno. 66.40uhttp://site.ebrary.com/lib/rucke/Doc?id=5007296zAn electronic book accessible through the World Wide Web; click to view c6703d6703